书目信息 |
| 题名: |
中国机读目录格式使用手册(修订版)
|
|
| 作者: | 潘泰明 | |
| 分册: | ||
| 出版信息: | 北京 科学技术文献出版社 2001 |
|
| 页数: | 642页 | |
| 开本: | 26cm | |
| 丛书名: | ||
| 单 册: | ||
| 中图分类: | G254.364 | |
| 科图分类: | ||
| 主题词: | ||
| 电子资源: | ||
| ISBN: | 978-7-5023-3733-9 | |
| 000 | 00585nam0 2200169 450 | |
| 001 | 202410241977743705 | |
| 005 | 20241024160225.65 | |
| 010 | @a978-7-5023-3733-9@dCNY85.00 | |
| 100 | @a20241024d km y0chiy0120 ea | |
| 101 | 0 | @achi |
| 200 | 1 | @a中国机读目录格式使用手册(修订版)@AZhong Guo Ji Du Mu Lu Ge Shi Shi Yong Shou Ce(Xiu Ding Ban)@f潘泰明@FPan Tai Ming |
| 210 | @a北京@c科学技术文献出版社@d2001 | |
| 215 | @a642页@d26cm | |
| 690 | @aG254.364@v4 | |
| 701 | 0 | @a潘泰明@APan Tai Ming |
| 801 | 0 | @aCN@b大连网信软件有限公司图书馆·11@c20241024 |
| 905 | @aZUCC@b1432201@dG254.364@e202@f1 | |
| 中国机读目录格式使用手册(修订版)/潘泰明.-北京:科学技术文献出版社,2001 |
| 642页;26cm |
| ISBN 978-7-5023-3733-9:CNY85.00 |
| ● |
| 相关链接 |
|
|
|
|
正题名:中国机读目录格式使用手册(修订版)
索取号:G254.364/202
 
预约/预借
| 序号 | 登录号 | 条形码 | 馆藏地/架位号 | 状态 | 备注 |
| 1 | 1432201 | 214322017 | 密集书库2/ [索取号:G254.364/202] | 在馆 |